[Event "Goch op 25th"]
[Site "Goch"]
[Date "2014.09.06"]
[Round "4"]
[White "Titov, Leonid"]
[Black "Ratzmann, Stefan"]
[Result "1-0"]
[WhiteElo "1811"]
[BlackElo "2002"]
[PlyCount "73"]
[EventDate "2014.09.04"]
[EventType "swiss"]
[EventRounds "7"]
[EventCountry "GER"]
[SourceTitle "EXT 2016"]
[Source "ChessBase"]
[SourceDate "2015.10.08"]
[SourceVersion "1"]
[SourceVersionDate "2015.10.08"]
[SourceQuality "1"]

1. e4 c6 2. d4 d5 3. e5 c5 4. Bb5+ Nc6 5. c3 cxd4 6. cxd4 e6 7. Nc3 Bd7 8. Be2 Qb6 9. Nf3 Nge7 10. Rb1 Nf5 11. Be3 Be7 12. 0-0 0-0 13. Bd3 Nxe3 14. fxe3 f5 15. exf6 Bxf6 16. Na4 Qd8 17. Nc5 b6 18. Nxd7 Qxd7 19. Qc2 Nb4 20. Bxh7+ Kh8 21. Qg6 Qe8 22. a3 Qxg6 23. Bxg6 Nc6 24. Rbc1 Na5 25. Bd3 g5 26. Rc7 g4 27. Ne1 Nb3 28. Rf4 Bg5 29. Rh7+ Kg8 30. Rxg4 Rf5 31. Bxf5 exf5 32. Rxa7 Rxa7 33. Rxg5+ Kh7 34. Rxf5 Nd2 35. Rxd5 Rf7 36. Nf3 Rc7 37. Nxd2 1-0

[Event "Rhein Main op-B 16th"]
[Site "Bad Homburg"]
[Date "2013.05.30"]
[Round "3"]
[White "Kirchmann, Michael"]
[Black "Titov, Leonid"]
[Result "1-0"]
[WhiteElo "1554"]
[BlackElo "1764"]
[PlyCount "125"]
[EventDate "2013.05.29"]
[EventType "swiss"]
[EventRounds "7"]
[EventCountry "GER"]
[SourceTitle "EXT 2014"]
[Source "ChessBase"]
[SourceDate "2013.11.20"]
[SourceVersion "1"]
[SourceVersionDate "2013.11.20"]
[SourceQuality "1"]

1. d4 Nc6 2. c4 e5 3. d5 Nce7 4. Nc3 Ng6 5. e3 f5 6. Nge2 Nf6 7. f4 Bc5 8. fxe5 Nxe5 9. Nd4 0-0 10. Be2 Nfg4 11. 0-0 d6 12. h3 Nh6 13. Na4 Bb6 14. Nxb6 axb6 15. b3 Qe7 16. Qd2 Rf6 17. Bb2 Nhf7 18. a4 Ng5 19. Nf3 Ne4 20. Qd4 Ng3 21. Rf2 Nd7 22. Qh4 Nxe2+ 23. Rxe2 Ne5 24. Nxe5 dxe5 25. Qg3 f4 26. exf4 Rg6 27. Qe3 Qh4 28. Kh2 e4 29. Qf2 Qxf2 30. Rxf2 h5 31. f5 Rg5 32. f6 gxf6 33. Rxf6 Bd7 34. Raf1 Re8 35. Rh6 Rf5 36. Rh8+ Kf7 37. Rh7+ Kg6 38. Rg7+ Kh6 39. Re1 Rf2 40. Bd4 Rd2 41. Rxd7 Rxd4 42. Rxc7 Rd3 43. Rxb7 Rxb3 44. c5 Rd3 45. Rxb6+ Kg5 46. Re6 Rc8 47. R6xe4 Rxc5 48. Re5+ Kg6 49. Re6+ Kf7 50. d6 Rcd5 51. Re7+ Kf8 52. Rf1+ Kg8 53. d7 Rxd7 54. Rxd7 Rxd7 55. Ra1 Ra7 56. a5 h4 57. a6 Kg7 58. g3 hxg3+ 59. Kxg3 Kg6 60. Kf4 Kh5 61. Ke5 Kh4 62. Kd6 Kxh3 63. Kc6 1-0

[Event "Goch op 23rd"]
[Site "Goch"]
[Date "2012.09.02"]
[Round "7"]
[White "Glinzk, Michael"]
[Black "Titov, Leonid"]
[Result "0-1"]
[WhiteElo "2017"]
[BlackElo "1748"]
[PlyCount "192"]
[EventDate "2012.08.30"]
[EventType "swiss"]
[EventRounds "7"]
[EventCountry "GER"]
[SourceTitle "EXT 2015"]
[Source "ChessBase"]
[SourceDate "2014.11.20"]
[SourceVersion "1"]
[SourceVersionDate "2014.11.20"]
[SourceQuality "1"]

1. e4 Nc6 2. d4 d5 3. Nc3 Nf6 4. e5 Ng8 5. Be3 Bf5 6. f4 e6 7. a3 Be7 8. Be2 Nh6 9. Bf3 g5 10. Qd2 Rg8 11. 0-0-0 Ng4 12. Bxg4 Bxg4 13. Rf1 Na5 14. Nce2 Nc4 15. Qc3 Nxe3 16. Qxe3 Bf5 17. Nf3 g4 18. Nd2 h5 19. Qb3 b6 20. Kb1 c5 21. Ka1 c4 22. Qa4+ Qd7 23. Qxd7+ Kxd7 24. c3 Bd3 25. Re1 h4 26. Nf1 f6 27. Ne3 fxe5 28. dxe5 Raf8 29. g3 Bc5 30. Nd4 Rf7 31. Rhg1 hxg3 32. hxg3 Rh7 33. Ka2 Rh2 34. Rc1 Be4 35. a4 Bxd4 36. cxd4 Re2 37. Nd1 Rg2 38. Nc3 Bf3 39. Rxg2 Bxg2 40. Rg1 Bf3 41. Nb5 Rh8 42. Nd6 Rh2 43. Ka3 Rd2 44. f5 exf5 45. Nxf5 Rd3+ 46. Ka2 Be4 47. Nh6 Rxd4 48. Nxg4 Bb1+ 49. Kxb1 Rxg4 50. Rh1 Ke6 51. Rh7 Kxe5 52. Rxa7 Rxg3 53. Rb7 Rb3 54. Kc1 Kd6 55. Rb8 Kc5 56. Rb7 Kc6 57. Rb8 Kc7 58. Ra8 Kb7 59. Rd8 Kc6 60. Kc2 Re3 61. Kd2 Re6 62. Kc3 Re3+ 63. Kc2 Kc5 64. Rc8+ Kb4 65. Rd8 Re2+ 66. Kc1 Re5 67. Rd6 Ka5 68. Kd2 Rg5 69. Kc3 Rg3+ 70. Kd2 Rd3+ 71. Kc2 b5 72. axb5 Kxb5 73. Rd8 Kc5 74. Rc8+ Kd4 75. Rh8 Rf3 76. Rh4+ Ke5 77. Rh5+ Rf5 78. Rh8 d4 79. Re8+ Kd5 80. Rd8+ Kc5 81. b4+ Kxb4 82. Rxd4 Rf2+ 83. Kd1 Kc3 84. Rd8 Rf1+ 85. Ke2 Rb1 86. Rc8 Rb2+ 87. Kd1 Rd2+ 88. Ke1 Rd4 89. Rb8 Kc2 90. Re8 Rd1+ 91. Ke2 c3 92. Rc8 Rd2+ 93. Ke1 Kb2 94. Rb8+ Kc1 95. Ra8 Rb2 96. Rc8 c2 0-1

[Event "Goch op 23rd"]
[Site "Goch"]
[Date "2012.08.31"]
[Round "2"]
[White "Knoell, Dominik"]
[Black "Titov, Leonid"]
[Result "0-1"]
[WhiteElo "1241"]
[BlackElo "1748"]
[PlyCount "88"]
[EventDate "2012.08.30"]
[EventType "swiss"]
[EventRounds "7"]
[EventCountry "GER"]
[SourceTitle "EXT 2015"]
[Source "ChessBase"]
[SourceDate "2014.11.20"]
[SourceVersion "1"]
[SourceVersionDate "2014.11.20"]
[SourceQuality "1"]

1. d4 Nc6 2. Nf3 d6 3. e4 Bg4 4. Be3 Nf6 5. Nbd2 e5 6. d5 Ne7 7. Be2 c6 8. dxc6 bxc6 9. 0-0 Ng6 10. c3 Be6 11. h3 Be7 12. Ng5 Bd7 13. Ngf3 Qc8 14. Nh2 d5 15. exd5 Nxd5 16. Nc4 Nxe3 17. Nxe3 0-0 18. Bg4 f5 19. Be2 Rf6 20. Bc4+ Kh8 21. Nf3 f4 22. Nc2 e4 23. Ng5 f3 24. Re1 Rf4 25. Nf7+ Rxf7 26. Bxf7 Bxh3 27. Rxe4 Bxg2 28. Be6 Qf8 29. Ne3 Rd8 30. Rd4 Qf6 31. Rxd8+ Bxd8 32. Qd7 Nf8 33. Qf7 Nxe6 34. Qe8+ Nf8 35. Rd1 Bc7 36. Nxg2 fxg2 37. Kxg2 Qg5+ 38. Kf1 Qb5+ 39. Kg2 Kg8 40. Qe1 Qxb2 41. Ra1 Ba5 42. Rb1 Qxa2 43. Rb8 Bb6 44. Qe6+ Qxe6 0-1

[Event "Goch op 23rd"]
[Site "Goch"]
[Date "2012.08.31"]
[Round "3"]
[White "Titov, Leonid"]
[Black "Mohrholz, Stefan"]
[Result "0-1"]
[WhiteElo "1748"]
[BlackElo "2002"]
[PlyCount "98"]
[EventDate "2012.08.30"]
[EventType "swiss"]
[EventRounds "7"]
[EventCountry "GER"]
[SourceTitle "EXT 2015"]
[Source "ChessBase"]
[SourceDate "2014.11.20"]
[SourceVersion "1"]
[SourceVersionDate "2014.11.20"]
[SourceQuality "1"]

1. e4 e6 2. f4 d5 3. e5 c5 4. Nf3 Nc6 5. c3 Nh6 6. d4 Qb6 7. Bd3 cxd4 8. Nxd4 Nxd4 9. cxd4 Bb4+ 10. Nc3 Nf5 11. a3 Bxc3+ 12. bxc3 0-0 13. h4 Bd7 14. g4 Ng3 15. Rh3 Ne4 16. Rb1 Qc7 17. c4 Rac8 18. Qc2 f5 19. gxf5 exf5 20. c5 Bc6 21. Ke2 Qf7 22. h5 Rce8 23. a4 Bxa4 24. Qb2 Bc6 25. Bxe4 fxe4 26. Qd2 Qf5 27. Qe3 Re6 28. Bd2 Rh6 29. Rbh1 Be8 30. Qb3 Bc6 31. Qg3 a6 32. Rg1 Rf7 33. Qh2 Bd7 34. Rh1 Qxh3 35. Qxh3 Bxh3 36. Rxh3 Rf5 37. Rb3 Rf7 38. Rh3 Rc6 39. Ke3 b6 40. Bb4 bxc5 41. Bxc5 Rb7 42. Kd2 Rb2+ 43. Ke1 g6 44. Rg3 Kf7 45. Rh3 Ke6 46. hxg6 hxg6 47. f5+ Kxf5 48. Rc3 g5 49. Rh3 Rxc5 0-1

[Event "Rhein Main op-B 15th"]
[Site "Bad Homburg"]
[Date "2012.06.10"]
[Round "7"]
[White "Titov, Leonid"]
[Black "Kuenne, Lutz Dieter"]
[Result "1-0"]
[WhiteElo "1730"]
[BlackElo "1545"]
[PlyCount "57"]
[EventDate "2012.06.06"]
[EventType "swiss"]
[EventRounds "7"]
[EventCountry "GER"]
[SourceTitle "EXT 2013"]
[Source "ChessBase"]
[SourceDate "2012.11.22"]
[SourceVersion "1"]
[SourceVersionDate "2012.11.22"]
[SourceQuality "1"]

1. e4 d5 2. exd5 Qxd5 3. Nc3 Qd6 4. Bb5+ c6 5. Bc4 Nf6 6. Nge2 Be6 7. Bb3 Nbd7 8. d4 Nb6 9. Bf4 Qd7 10. h3 g6 11. Be5 Bg7 12. Ne4 Bxb3 13. axb3 0-0 14. Nc5 Qc8 15. g4 Nbd7 16. Nxd7 Qxd7 17. Qd3 Ne8 18. Bg3 Qd5 19. 0-0 Qd7 20. c3 e5 21. Rfd1 exd4 22. Ra4 c5 23. Qf3 Qb5 24. cxd4 cxd4 25. Nxd4 Qb6 26. Rc4 Bxd4 27. Rdxd4 Ng7 28. Be5 Ne6 29. Qf6 1-0

[Event "Rhein Main op-B 15th"]
[Site "Bad Homburg"]
[Date "2012.06.09"]
[Round "5"]
[White "Titov, Leonid"]
[Black "Lutwitzi, Klaus"]
[Result "0-1"]
[WhiteElo "1730"]
[BlackElo "1487"]
[PlyCount "96"]
[EventDate "2012.06.06"]
[EventType "swiss"]
[EventRounds "7"]
[EventCountry "GER"]
[SourceTitle "EXT 2013"]
[Source "ChessBase"]
[SourceDate "2012.11.22"]
[SourceVersion "1"]
[SourceVersionDate "2012.11.22"]
[SourceQuality "1"]

1. e4 c5 2. Nc3 e6 3. f4 b6 4. Nf3 d6 5. Bb5+ Nd7 6. 0-0 a6 7. Bc6 Rb8 8. d4 cxd4 9. Qxd4 Qc7 10. Qc4 b5 11. Bxd7+ Qxd7 12. Qd4 Bb7 13. b3 Nf6 14. Bb2 Rc8 15. Kh1 d5 16. e5 Bc5 17. Qd3 Ng4 18. Nd4 Qe7 19. g3 h5 20. h4 Ba8 21. Nce2 g6 22. a4 b4 23. Qxa6 0-0 24. Qd3 Bb7 25. Rac1 Rc7 26. Kg2 Ra8 27. c3 Ba6 28. Qd2 Rac8 29. Rf3 Rb8 30. cxb4 Bxb4 31. Nc3 Re8 32. Ndb5 Bxb5 33. axb5 Rc5 34. Qd4 Bxc3 35. Rfxc3 Rxc3 36. Rxc3 Ra8 37. b6 Qb7 38. Rc7 Qa6 39. Qd2 Qxb6 40. Rc3 d4 41. Rd3 Qb7+ 42. Kg1 Qe4 43. Rxd4 Qb1+ 44. Qc1 Qa2 45. b4 Qa7 46. Qc5 Qa2 47. Rd2 Qb1+ 48. Bc1 Qe4 0-1

[Event "Goch op 22nd"]
[Site "Goch"]
[Date "2011.10.01"]
[Round "5"]
[White "Titov, Leonid"]
[Black "Martin, Heiko"]
[Result "1/2-1/2"]
[WhiteElo "1420"]
[BlackElo "1849"]
[PlyCount "134"]
[EventDate "2011.09.29"]
[EventType "swiss"]
[EventRounds "7"]
[EventCountry "GER"]
[SourceTitle "EXT 2014"]
[Source "ChessBase"]
[SourceDate "2013.11.20"]
[SourceVersion "1"]
[SourceVersionDate "2013.11.20"]
[SourceQuality "1"]

1. d4 d5 2. c4 e6 3. Nf3 Nf6 4. Nc3 Nbd7 5. e3 Bb4 6. a3 Bxc3+ 7. bxc3 Ne4 8. Qc2 c6 9. Bd3 f5 10. a4 0-0 11. a5 Rf7 12. c5 h6 13. h4 Qf6 14. c4 Ndxc5 15. cxd5 Nxd3+ 16. Qxd3 exd5 17. Bb2 Nc5 18. Qc2 Ne4 19. Ne5 Rc7 20. Ba3 Bd7 21. f3 Nd6 22. Bxd6 Qxd6 23. f4 Rf8 24. Kf2 Be8 25. Rac1 Bh5 26. a6 b6 27. Qd3 Be8 28. Rc2 Rf6 29. Rhc1 c5 30. Qa3 c4 31. Qxd6 Rxd6 32. Ra1 b5 33. Nd3 Rb6 34. Nb4 Rd7 35. g3 Rdd6 36. Ke1 Kf7 37. Kf2 Kf6 38. Rc3 Bh5 39. Rca3 Be8 40. Rc3 Bf7 41. Kg2 Be6 42. Kf3 Rd8 43. Rh1 Rdd6 44. Ra1 Bf7 45. Rca3 Bh5+ 46. Kf2 Ke6 47. Rg1 Rd8 48. Rh1 Rc8 49. Rc3 Rd6 50. Ra1 Be8 51. Ke2 Rcd8 52. Rca3 Rb6 53. Rc3 Kd6 54. Rca3 Bc6 55. Kd2 Re8 56. Rc3 Rbb8 57. Ke2 Re6 58. Kf2 Rg8 59. Rh1 g5 60. hxg5 hxg5 61. Rh5 Reg6 62. Rh7 R8g7 63. Rh8 gxf4 64. exf4 Rg8 65. Rh7 R8g7 66. Rh8 Rg8 67. Rh7 R8g7 1/2-1/2

[Event "Main Vogelsberg op 6th"]
[Site "Hanau"]
[Date "2011.06.05"]
[Round "6"]
[White "Titov, Leonid"]
[Black "Vareskic, Mijo"]
[Result "1/2-1/2"]
[WhiteElo "1209"]
[BlackElo "1324"]
[PlyCount "33"]
[EventDate "2011.06.02"]
[EventType "swiss"]
[EventRounds "7"]
[EventCountry "GER"]
[SourceTitle "CBM 142 Extra"]
[Source "ChessBase"]
[SourceDate "2011.06.27"]
[SourceVersion "1"]
[SourceVersionDate "2011.06.27"]
[SourceQuality "1"]

1. d4 Nf6 2. c4 g6 3. Nc3 Bg7 4. Nf3 d5 5. cxd5 Nxd5 6. e4 Nxc3 7. bxc3 0-0 8. Be2 c5 9. 0-0 Nc6 10. Be3 f5 11. Qb3+ Kh8 12. Ng5 Na5 13. Nf7+ Kg8 14. Nh6+ Kh8 15. Nf7+ Kg8 16. Nh6+ Kh8 17. Nf7+ 1/2-1/2

[Event "Main Vogelsberg op 6th"]
[Site "Hanau"]
[Date "2011.06.03"]
[Round "3"]
[White "Finsel, Manuel"]
[Black "Titov, Leonid"]
[Result "1/2-1/2"]
[WhiteElo "1699"]
[BlackElo "1209"]
[PlyCount "78"]
[EventDate "2011.06.02"]
[EventType "swiss"]
[EventRounds "7"]
[EventCountry "GER"]
[SourceTitle "CBM 142 Extra"]
[Source "ChessBase"]
[SourceDate "2011.06.27"]
[SourceVersion "1"]
[SourceVersionDate "2011.06.27"]
[SourceQuality "1"]

1. d4 e6 2. Nf3 Nf6 3. e3 d5 4. Bd3 c5 5. c3 Nc6 6. Nbd2 a6 7. 0-0 b5 8. Re1 Qb6 9. Qe2 Bb7 10. a3 Rc8 11. h3 h6 12. dxc5 Bxc5 13. e4 d4 14. cxd4 Nxd4 15. Nxd4 Bxd4 16. Nf3 0-0 17. Nxd4 Qxd4 18. Be3 Qd7 19. f3 Rfd8 20. Red1 Qc7 21. Rac1 Qe7 22. Rxc8 Rxc8 23. Rc1 Rxc1+ 24. Bxc1 Qc7 25. Be3 Nh5 26. Qc2 Qg3 27. Qf2 Qd6 28. Bc2 g5 29. Qd2 Qxd2 30. Bxd2 Nf4 31. Kf2 f6 32. g3 Ng6 33. Ke3 e5 34. Bb4 Kf7 35. Bb3+ Ke8 36. Kd3 Bc8 37. a4 Bxh3 38. axb5 Bf1+ 39. Ke3 Bxb5 1/2-1/2